00423 2200181 4500001002100000005001500021008004100036020002200077035001900099041000700118082000800125090001400133100001600147245001800163260002400181300002600205650001000231INLIS00000000000419520241224112851241224||||||||| | ||| |||| || |  a978-602-9397-75-8 0010-1224004195 aid0 a813 a813 BAR p0 aLisa Barham00aProject Paris bBentang Beliac2013 aviii, 268 hlm.; 19 cm 0aNovel